Cifras sobre producción industrial 1971-1980
Presenta cuadros estadísticos relacionados con la producción industrial en Costa Rica, correspondientes al periodo 1971 a 1980 - Contiene informacíon estadística sobre los siguientes aspectos: valor bruto de la producción por grupos y por divisiones, composición de la formación bruta de capital, y r...
Na minha lista:
| Autor Corporativo: | |
|---|---|
| Formato: | Texto |
| Publicado em: |
San José:
BCCR
|
| Tags: |
Adicionar Tag
Sem tags, seja o primeiro a adicionar uma tag!
|
MARC
| LEADER | 00000 a a2200000 04500 | ||
|---|---|---|---|
| 001 | 20534 | ||
| 003 | |||
| 040 | |||
| 090 | |a 086300 | ||
| 110 | |a Banco Central de Costa Rica | ||
| 245 | |a Cifras sobre producción industrial 1971-1980 | ||
| 260 | |a San José: |b BCCR | ||
| 300 | |a 41 p. | ||
| 520 | |a Presenta cuadros estadísticos relacionados con la producción industrial en Costa Rica, correspondientes al periodo 1971 a 1980 - Contiene informacíon estadística sobre los siguientes aspectos: valor bruto de la producción por grupos y por divisiones, composición de la formación bruta de capital, y remuneraciones a los empleados | ||
| 999 | |c 16336 |d 16336 | ||
